| 000 | 00783cam a2200241 a 4500 | ||
|---|---|---|---|
| 001 | 728234 | ||
| 005 | 20180123043013.0 | ||
| 008 | 980922s1999 enka b 001 0 eng | ||
| 010 | _a 98045618 | ||
| 020 | _a0521470420 (hardback) | ||
| 020 | _a0521644046 (pbk.) | ||
| 040 |
_aDLC _cDLC _dDLC |
||
| 041 | _aeng | ||
| 080 | _a306.709 | ||
| 082 | 0 | 0 |
_a306.709 POT _221 |
| 100 | 1 | _a50 | |
| 101 | _aSOC | ||
| 245 | 1 | 0 |
_aEver since Adam and Eve : _cMalcolm Potts and Roger Short. |
| 504 | _aIncludes bibliographical references (p. 335-346) and index. | ||
| 906 |
_a7 _bcbc _corignew _d1 _eocip _f19 _gy-gencatlg |
||
| 942 |
_2ddc _cBK |
||
| 999 |
_c40744 _d40744 |
||